Okná do mikrosveta /

Main Author: Horáková, Katarína, 1934-
Other Authors: Kalafut, František
Language: Slovak
Published: Bratislava : Alfa, 1972
Edition: 1. vyd.
Series: Polytechnická knižnica (Alfa)
Physical Description: 238 s., tb. : il. ; 8°
Book
Saved in:
LEADER 00818nam a22002532a 4500
001 000166586
003 CZ BrMZK
005 20081104204057.0
007 ta
008 950101s1972 xo f slo d
040 |a ABA001  |b cze  |c ABA001  |d ABA001 
100 1 |a Horáková, Katarína,  |d 1934-  |7 jx20040921020  |4 aut 
245 1 0 |a Okná do mikrosveta /  |c Katarína Horáková a František Kalafut 
250 |a 1. vyd. 
260 |a Bratislava :  |b Alfa,  |c 1972 
300 |a 238 s., tb. :  |b il. ;  |c 8° 
490 1 |a Polytechnická knižnica 
504 |a Obsahuje bibliografii 
700 1 |a Kalafut, František  |4 aut 
830 0 |a Polytechnická knižnica (Alfa) 
910 |a BOA001  |b 1-0691.687 
990 |a BK 
991 |b 200811 
996 7 |b 2619938020  |c 1-0691.687  |l MZK  |r Sklad / do 1 hodiny  |n 8  |w 000166586  |u 000010  |a 1  |e BOA001  |j MZK50  |s A